Sports Quiz

Random Sports or NFL Quiz
Score 0/26 Timer 08:00
0 Plays Today
Yards Player % Correct
2,429Marshall Faulk
89.5%
2,216Ricky Williams
82.4%
1,664DeMarco Murray
74%
2,169Priest Holmes
73.5%
1,553Jerome Bettis
68.7%
1,652Curtis Martin
64.3%
1,734Ahman Green
63.2%
1,734Corey Dillon
60%
1,536Stefon Diggs
58.6%
1,514Ron Johnson
57.5%
1,740Michael Turner
55.8%
1,550Clinton Portis
55.1%
1,552Jamal Lewis
52.8%
Yards Player % Correct
1,654Peyton Hillis
44.8%
1,707Ricky Watters
42.9%
1,612Ricky Watters
42.9%
1,512Reggie Bush
39.5%
1,603Stephen Davis
38.8%
1,506Brandon Marshall
31.9%
1,502Brandon Marshall
31.9%
1,529Justin Forsett
31.9%
1,541Terry Allen
22.2%
1,764Charlie Garner
22%
1,504Chester Taylor
22%
1,601Reuben Droughns
15.9%
1,588LaMont Jordan
14.2%
Remove Ads.
Support Sporcle.
Get the best of Sporcle when you Go Orange. This ad-free experience offers more features, more stats, and more fun while also helping to support Sporcle. Thank you for becoming a member.

You're not logged in!

Compare scores with friends on all Sporcle quizzes.
OR
Log In

Show Comments

Extras

Top Quizzes Today


Score Distribution

Your Account Isn't Verified!

In order to create a playlist on Sporcle, you need to verify the email address you used during registration. Go to your Sporcle Settings to finish the process.

Report this User

Report this user for behavior that violates our Community Guidelines.

Details: